[Event "1st Barreau de Paris 2019"]
[Site "Paris"]
[Date "2019.12.18"]
[Round "3.1"]
[White "Lamard, Guillaume"]
[Black "Fedorchuk, Sergey A."]
[Result "0-1"]
[WhiteElo "2452"]
[BlackElo "2636"]
[Annotator "TA"]
[PlyCount "146"]
[EventDate "2019.12.16"]
[EventType "tourn"]
[EventCountry "FRA"]
[SourceTitle "playchess.com"]
[Source "ChessBase"]
[SourceQuality "1"]

{[%evp 27,146,0,0,-6,0,0,8,-16,-14,-8,-39,-51,-47,-74,-72,-73,-58,-86,-94,-66,-37,-129,-124,-118,-113,-136,-133,-278,-278,-283,-281,-261,-273,-289,-255,-262,-236,-540,-528,-570,-574,-549,-281,-590,-573,-665,-193,-209,-226,-212,-208,-208,-217,-215,-229,-232,-210,-214,-225,-232,-229,-222,-212,-356,-188,-455,-260,-320,-229,-300,-300,-295,-234,-572,-572,-572,-510,-849,-849,-841,-721,-849,-664,-849,-841,-841,-841,-841,-841,-834,-834,-827,-827,-816,-816,-802,-802,-802,-802,-4134,-4134,-2175,-794,-794,-605,-593,-593,-579,-529,-794,-794,-787,-787,-787,-781,-754,-742,-29954,-29960,-29956,-5509]} 1. Nf3 Nf6 2. c4 e6 3. g3 b6 4. Bg2 Bb7 5. O-O Be7 6. b3 O-O 7. Bb2 d5 8. e3 dxc4 9. bxc4 c5 10. Nc3 Nc6 11. Qe2 Qc7 12. Rfd1 a6 13. Rab1 Rab8 14. Ba1 Rfd8 15. d3 {A14: English Opening: 1...e6 with b3 by White} h6 (15... Na5 16. h3 Bc6 17. e4 Nd7 18. Nd5 exd5 19. exd5 Bf6 20. dxc6 Nxc6 21. d4 Re8 22. Qc2 cxd4 23. Nxd4 Nxd4 24. Bxd4 Bxd4 25. Rxd4 {1-0 (72) Amin,B (2707)-Lei,T (2505) Changsha 2019}) 16. Ne1 Na7 17. f4 $146 {The position is equal.} ({Predecessor:} 17. Bxb7 Rxb7 18. Qf3 Qc6 19. Qxc6 Nxc6 20. Kf1 Rdb8 21. a4 Nb4 22. Ke2 Ne8 {0-1 (71) Ivkov,B (2412)-Savic,M (2522) Banja Koviljaca 2013}) 17... b5 18. g4 b4 19. Ne4 Nxe4 20. dxe4 Rxd1 21. Rxd1 {Threatens to win with Be5.} Rd8 22. Rxd8+ Qxd8 23. Nd3 Nc8 24. f5 ({Better is} 24. h4 $1 $15) 24... Nb6 $1 $17 25. Nf4 Bc8 26. Nh5 Bf8 $1 27. f6 (27. Nf4 $17) 27... g6 $19 28. Nf4 a5 29. Qc2 Ba6 30. Bf1 Qd7 31. e5 {[#] With the idea Nxg6!} Qa4 $1 {[%cal Ra4c2]} 32. Qb1 $2 (32. Qxa4 Nxa4 33. h4) 32... Bxc4 33. Bxc4 Nxc4 34. Nxg6 Nxe3 35. Ne7+ $2 (35. Nxf8 {was the crucial defense.} Kxf8 36. Qd3) 35... Kh8 36. Qd3 Qd1+ $2 (36... Qxa2 {[%csl Ge3][%cal Ra2g2]} 37. Qxe3 Qxa1+ 38. Kg2 Qb2+ 39. Kg3 Qc3) 37. Qxd1 Nxd1 {[%mdl 4096] Endgame KBN-KBN} 38. Kf1 {aiming for Ke2.} Ne3+ 39. Ke2 Nd5 ({But not} 39... Nxg4 40. h3 $15) 40. Nc6 {[#]} a4 $1 41. Kd3 a3 42. h4 {[#]} h5 $1 {[%mdl 512]} 43. gxh5 Kh7 44. Nd8 Kg8 45. Nc6 (45. Nb7 {was the only chance.}) 45... Nb6 (45... Bh6 $142 46. Kc4 Ne3+ 47. Kxc5 Nc2) 46. Nd8 $2 (46. Kc2) 46... Bh6 (46... c4+ $142 47. Kc2 c3) 47. Nc6 Bf4 48. Ke4 Bc1 49. Kd3 Bh6 50. Nd8 $2 (50. Na5 {is more resistant.}) 50... c4+ 51. Kc2 c3 52. Bxc3 (52. Nc6 $142 Bf8 53. Nd4) 52... bxc3 53. Kxc3 Bc1 54. Kd4 Nd5 55. Nc6 {intending Ne7+.} Bb2+ 56. Kc4 Ne3+ 57. Kd3 Nf5 58. Ke4 Nxh4 59. Kf4 Bc1+ 60. Ke4 Ng2 61. Nd4 Ne1 62. Nc6 Nc2 63. Ne7+ Kh7 64. Nc6 Bh6 (64... Bd2 $142 65. Na7 Nb4) 65. Kd3 Ne3 66. Nd8 Kg8 67. Nc6 Nf5 68. Na5 Ng3 69. Nc4 Bf8 70. Kc3 Nxh5 71. Kb3 Nf4 72. Nxa3 Bxa3 73. Kxa3 Nd3 {Accuracy: White = 29%, Black = 73%.} 0-1

[Event "1st Barreau de Paris 2019"]
[Site "Paris"]
[Date "2019.12.18"]
[Round "3.4"]
[White "Loiseau, Quentin"]
[Black "Rakotomaharo, Fy Antenaina"]
[Result "1/2-1/2"]
[WhiteElo "2470"]
[BlackElo "2438"]
[Annotator "TA"]
[PlyCount "99"]
[EventDate "2019.12.16"]
[EventType "tourn"]
[EventCountry "FRA"]
[SourceTitle "playchess.com"]
[Source "ChessBase"]
[SourceQuality "1"]

{[%evp 19,99,12,30,16,43,0,-14,-14,-10,-7,-6,-18,-20,-28,-20,-50,-50,-45,-45,-45,-45,-45,-49,-50,-53,-53,-50,-102,-124,-101,-55,-117,0,0,0,-42,22,0,0,0,0,0,12,12,12,10,12,0,0,0,0,-4,-4,-4,-4,-2,0,0,0,0,0,0,0,-8,0,0,50,0,0,0,0,0,0,0,0,0,0,0,0,0,0,0]} 1. Nf3 d5 2. d4 Nf6 3. c4 e6 4. g3 Bb4+ 5. Bd2 Be7 6. Bg2 O-O 7. O-O Nbd7 8. Bf4 b6 9. Nc3 Bb7 10. Ne5 c6 11. h4 $146 {E16: Queen's Indian: 4 g3 Bb7 5 Bg2 Bb4+} ({Predecessor:} 11. e4 dxe4 12. Nxe4 Nxe5 13. Nxf6+ Bxf6 14. dxe5 Be7 15. h4 Qxd1 16. Rfxd1 Rfd8 17. a3 Kf8 18. b4 Ke8 {1-0 (30) Vallejo Pons,F (2717)-Karthikeyan,M (2579) Tbilisi 2017}) 11... a5 12. e4 (12. Rc1 $14) 12... dxc4 $11 13. Nxc4 Ba6 14. b3 b5 15. Ne3 b4 16. Ne2 {[%cal Bc3e2,Be2f4,Bf4d3][%mdl 32]} Nh5 17. Nc4 Nxf4 18. Nxf4 Bxc4 19. bxc4 e5 20. Nd3 exd4 21. e5 Qb6 22. Re1 {next e6 is good for White.} Nc5 23. Be4 (23. Nxc5 $15 Bxc5 24. Qd3) 23... Nxe4 $17 24. Rxe4 a4 {[%cal Ba5a4,Ba4a3,Ba3a2][%mdl 32]} 25. Rb1 {[#]} (25. e6 $1 $15) 25... b3 $1 {[%mdl 512]} 26. axb3 $11 {[%cal Ba2b3,Bb3b4][%mdl 32]} a3 27. Qc2 Rfb8 (27... c5 $15) 28. c5 Qb5 29. b4 $1 a2 30. Ra1 Ra3 31. Rxd4 Rd8 $1 {[%cal Rd8d4]} 32. Rxd8+ Bxd8 33. Nf4 {[#] Black must now prevent Qd2.} Qxb4 34. Rxa2 {Strongly threatening e6.} Qe1+ 35. Kh2 $132 {[%mdl 2048] White is not holding back} Rxa2 36. Qxa2 {And now e6 would win.} Qxe5 37. Qa8 Qe8 38. Nd3 Kf8 39. Nb4 Be7 40. Qa7 Qc8 41. Qb6 g5 42. Nxc6 Qf5 43. Qb8+ Kg7 {The position is equal.} 44. Qg8+ Kh6 $1 45. hxg5+ Bxg5 46. Qf8+ Kh5 47. Kg1 {Threatens to win with Nd4.} Qb1+ 48. Kh2 Qf5 49. Kg1 {Hoping for Nd4.} Qb1+ 50. Kh2 {Accuracy: White = 45%, Black = 60%.} 1/2-1/2

[Event "1st Barreau de Paris 2019"]
[Site "Paris"]
[Date "2019.12.18"]
[Round "3.5"]
[White "Mouhamad, Joachim"]
[Black "Di Nicolantonio, Lucas"]
[Result "0-1"]
[WhiteElo "2293"]
[BlackElo "2408"]
[Annotator "TA"]
[PlyCount "52"]
[EventDate "2019.12.16"]
[EventType "tourn"]
[EventCountry "FRA"]
[SourceTitle "playchess.com"]
[Source "ChessBase"]
[SourceQuality "1"]

{[%evp 9,69,8,22,4,6,12,6,10,14,14,18,19,20,12,8,4,20,0,52,14,43,-2,-8,-49,-43,-45,-42,-68,-14,-24,-10,-47,-43,-40,-41,-55,-21,-40,0,-116,-34,-141,0,-276,-222,-264,-235,-243,-246,-678,-620,-1222,-1229,-1212,-1124,-2350,-2286,-29977,-12297,-2734,-1746,-29992]} 1. d4 d5 2. Bf4 c5 3. e3 cxd4 4. exd4 Nc6 5. Nf3 Bf5 6. c3 {B13: Caro-Kann: Exchange Variation and Panov-Botvinnik Attack} e6 7. Qb3 Qd7 8. Nh4 {The position is equal.} (8. Nbd2 f6 9. Be2 g5 10. Bg3 h5 11. h4 g4 12. Ng1 Nh6 13. Bb5 {1-0 (60) Ni,H (2671)-Riazantsev,A (2650) Riadh 2017}) 8... Bg6 9. Nxg6 $146 ({Predecessor:} 9. Nd2 Nge7 10. Be2 Nc8 11. Nxg6 hxg6 12. Nf3 f6 13. O-O-O {1-0 (59) Ruiz Bernal,I (1989)-Garcia Rodriguez,I (2136) ICCF email 2009}) 9... hxg6 10. Nd2 Bd6 11. Bxd6 Qxd6 12. Nf3 Nge7 13. h4 Rb8 (13... f6 $11) 14. a4 a6 15. a5 f6 16. Be2 {[#]} g5 $1 {[%mdl 512]} 17. g3 (17. hxg5 Rxh1+) 17... Kf7 18. Kd2 g4 ({Black should play} 18... gxh4 $1 $15 19. Nxh4 e5 20. dxe5 fxe5) 19. Ne1 $11 {[%cal Bf3e1,Be1c2,Bc2e3][%mdl 32]} e5 20. Nc2 exd4 21. cxd4 f5 $36 {[%mdl 2048] Black has good play.} 22. Ra4 Rhe8 23. Ne3 Kf8 24. Qd3 {[#]} (24. Bd3 $11 {keeps the balance.}) 24... Kg8 (24... b5 $1 $17 {[%cal Rb5a4]} 25. axb6 Rxb6) 25. Bd1 (25. Qa3 $15 Qe6 26. Re1) 25... Rbc8 ({Black should try} 25... b5 $17 26. axb6 Rxb6) 26. Bb3 $2 {[%mdl 8192] [#]} (26. Re1 $1 $11 {and White stays safe.}) 26... Nb4 {Played: Nc6xa5} 0-1

[Event "1st Barreau de Paris 2019"]
[Site "Paris"]
[Date "2019.12.18"]
[Round "4.1"]
[White "David, Alberto"]
[Black "Mouhamad, Joachim"]
[Result "1-0"]
[WhiteElo "2545"]
[BlackElo "2293"]
[Annotator "TA"]
[PlyCount "135"]
[EventDate "2019.12.16"]
[EventType "tourn"]
[EventCountry "FRA"]
[SourceTitle "playchess.com"]
[Source "ChessBase"]
[SourceQuality "1"]

{[%evp 14,134,37,18,53,50,45,39,97,90,99,106,100,93,72,61,122,118,118,110,98,114,127,119,112,142,101,102,194,113,101,100,91,118,147,69,72,43,57,60,183,186,186,0,39,0,29,32,29,30,21,0,108,108,112,100,126,126,127,116,125,115,163,122,167,164,153,94,95,85,86,87,92,60,85,51,51,50,52,53,53,0,8,0,66,53,53,56,53,39,52,22,72,36,200,200,200,191,510,504,427,83,577,488,448,0,100,108,645,624,2165,158,2122,1855,4775,4738,4770,4750,2128,1790,29997,29998,29999]} 1. Nf3 Nf6 2. c4 g6 3. Nc3 Bg7 4. e4 d6 5. d4 O-O 6. h3 e5 7. d5 a5 8. g4 Ne8 {E90: King's Indian: Classical: Early deviations and 6 h3} (8... Na6 9. Be3 Nc5 10. Nd2 c6 11. Be2 a4 12. h4 Qa5 13. f3 a3 14. Qc2 axb2 15. Qxb2 h5 16. g5 Nfd7 17. O-O f6 18. Kg2 Qd8 19. Nb3 fxg5 20. hxg5 {½-½ (67) Nepomniachtchi,I (2757)-Grischuk,A (2766) chess.com INT 2018}) 9. Rg1 Na6 10. Bg5 f6 (10... Nf6 $14) 11. Be3 $16 f5 12. gxf5 gxf5 13. Bg5 Qd7 14. Nh4 fxe4 $146 ({Better is} 14... f4 $14) ({Predecessor:} 14... f4 15. Nf5 Kh8 16. Be2 Bf6 {1-0 (29) Tuomainen,F (2198)-Lagerborg,K (2030) Sweden 2017}) 15. Nxe4 Nc5 16. Nxc5 dxc5 17. Bd3 Qf7 {[%csl Gf8][%cal Rf7f2]} 18. Qc2 Qh5 19. Be2 Qf7 20. O-O-O Ra6 (20... Kh8 $16 {is a better defense.}) 21. Rg3 (21. Bd3 $18) 21... Kh8 22. Rdg1 $1 $36 {[%mdl 2048] White is in control.} Qxf2 23. Kb1 Qf7 24. Rf3 (24. Bd3 $1 $16) 24... Qg8 $14 25. Be7 Rxf3 26. Nxf3 ({Much worse is} 26. Bxf3 Qf7 $15) 26... Rh6 (26... Rg6 $1 $14) 27. Nxe5 $1 $18 ({But not} 27. Bxc5 $6 b6 $11) 27... Nd6 28. Qd2 $2 (28. Bd3 $18 {Hoping for Qf2.} Nf7 29. Nf3 Rxh3 30. Bxc5 Rxf3 31. Bd4 $1 {[%mdl 576] Pin}) 28... Bf5+ 29. Ka1 {aiming for Qg5.} Qe8 30. Rxg7 $1 Kxg7 31. Qg5+ Rg6 $1 {[%cal Rg6g5]} 32. Nxg6 (32. Bf6+ {is more complex.} Kg8 33. Nxg6 Bxg6 34. Qe5 Qxe5 35. Bxe5 Kf8 36. b3) 32... Qxg6 (32... hxg6 $11 33. Bd1 Nxc4) 33. h4 $16 Qxg5 34. Bxg5 {[%mdl 4096] Endgame KBB-KBN} Kf7 35. Bd8 Ne8 36. Bh5+ Bg6 37. Bg4 Bd3 38. b3 a4 39. Kb2 axb3 40. axb3 (40. Kxb3 $142 Kf8 41. h5) 40... b5 41. Kc3 bxc4 42. bxc4 Bf1 43. Bd7 Nd6 44. Be6+ Ke8 45. Bxc7 Ne4+ 46. Kb3 Nd2+ 47. Kc3 Ne4+ 48. Kb3 (48. Kb2 $11) 48... Nd2+ $14 49. Kc2 {Black must now prevent d6.} Nxc4 50. d6 {d7+ is the strong threat.} Ne5 51. Bb6 Nd7 52. Ba5 Be2 53. Bf5 h5 $2 (53... Ne5 $14) 54. Bg6+ $18 Kf8 55. Bc3 Bg4 $2 (55... Nb6 {is tougher.} 56. Ba5 Nd7) 56. Kd3 Nb6 57. Ke4 $2 (57. Be5 $18 Nd7 58. Ke4) 57... Na4 $2 {[%mdl 8192]} (57... Bd1 $16 {is a better chance.} 58. Kd3 Nd7) 58. Bf6 Nb6 59. Bc3 $2 (59. Be5 $18 Bd1 60. Kf4) 59... Bd1 (59... Na4 $1 $11 {keeps the balance.} 60. Ba5 c4) 60. Ke5 $16 Kg7 $2 {[%mdl 8192] [#]} (60... Bg4 $16) 61. Kf5+ $1 $18 Kh6 62. Bd2+ Kg7 {[#] Strongly threatening ...Bc2+.} 63. Kg5 $1 c4 64. Bc3+ Kf8 65. Bd4 Nd7 66. Kh6 {Threatening mate with Kh7.} Be2 67. Kh7 {[%csl Gh7][%cal Rd4g7]} Bd3 68. Bg7# {Accuracy: White = 64%, Black = 33%.} 1-0

[Event "1st Barreau de Paris 2019"]
[Site "Paris"]
[Date "2019.12.18"]
[Round "4.2"]
[White "Fedorchuk, Sergey A."]
[Black "Sochacki, Wojtek"]
[Result "1-0"]
[WhiteElo "2636"]
[BlackElo "2320"]
[Annotator "TA"]
[PlyCount "85"]
[EventDate "2019.12.16"]
[EventType "tourn"]
[EventCountry "FRA"]
[SourceTitle "playchess.com"]
[Source "ChessBase"]
[SourceQuality "1"]

{[%evp 13,85,26,35,3,27,-8,0,7,-8,-1,0,0,14,0,25,0,0,-2,119,118,122,122,122,120,120,124,122,120,125,116,129,102,120,112,108,103,110,103,103,96,155,155,176,172,169,154,174,150,165,156,515,487,529,490,510,249,488,463,480,331,462,468,603,603,548,528,532,453,738,732,732,717,672,642]} 1. e4 e5 2. Nf3 Nc6 3. Bb5 a6 4. Ba4 Nf6 5. d3 b5 6. Bb3 Be7 7. a4 Bb7 8. Nc3 {C77: Ruy Lopez: 3...a6 4 Ba4 Nf6, unusual lines} (8. O-O O-O 9. Re1 d6 10. Nbd2 Qd7 11. Nf1 Nd8 12. axb5 axb5 13. Rxa8 Bxa8 14. Ng3 Ne6 15. c3 c5 16. d4 exd4 17. cxd4 c4 18. Bc2 {1-0 (52) Naiditsch,A (2682)-Hamitevici,V (2476) Brest 2019}) 8... O-O 9. Bd2 $146 ({Predecessor:} 9. axb5 axb5 10. Rxa8 Qxa8 11. Nxb5 Qa5+ 12. Nc3 Bb4 13. Bd2 Ra8 14. O-O Nd4 15. Nxd4 exd4 {1-0 (31) Jarlnaes,E (1959)-Rempe,L (1147) Helsingor 2019}) 9... Nd4 10. Nxd4 {The position is equal.} exd4 11. Ne2 d5 12. e5 Ng4 13. Bf4 f6 {Strongly threatening ...Nxf2!} 14. exf6 Bxf6 15. O-O Bh4 (15... c5 $11 {remains equal.}) 16. g3 $36 {[%mdl 2048] Black is under strong pressure.} Bf6 {[#]} 17. axb5 $1 axb5 18. Rxa8 Bxa8 19. h3 Ne5 20. Nxd4 {Threatens to win with Ne6.} Qd7 21. Re1 Re8 22. Bxe5 Rxe5 23. Rxe5 Bxe5 24. Qa1 Bb7 25. Qa7 {Black must now prevent Nf3.} c6 26. c3 h5 (26... Bxd4 $142 27. cxd4 Bc8 28. Qxd7 Bxd7) 27. h4 Bf6 28. Bd1 g6 29. Bf3 Kg7 30. Kg2 Kh6 31. b4 g5 $2 (31... Kh7 $16 32. Kg1 Bg7) 32. hxg5+ $18 Kxg5 33. Qb8 Bc8 34. Qf4+ Kg6 {[#]} 35. Bxh5+ $1 {[%mdl 512]} Kg7 (35... Kxh5 36. Qxf6) 36. Bf3 Qh3+ (36... Kg6 $142 37. Bh5+ Kg7) 37. Kg1 {White is clearly winning.} Kg6 38. Nxc6 Qf5 39. Qxf5+ Bxf5 40. Nd4 Bxd3 (40... Bg5 $142 41. Nxb5 Bd2) 41. Bxd5 Bg5 42. f4 Bf6 43. Kf2 {Accuracy: White = 71%, Black = 38%.} 1-0

[Event "1st Barreau de Paris 2019"]
[Site "Paris"]
[Date "2019.12.18"]
[Round "4.3"]
[White "Di Nicolantonio, Lucas"]
[Black "Lamard, Guillaume"]
[Result "0-1"]
[WhiteElo "2408"]
[BlackElo "2452"]
[Annotator "TA"]
[PlyCount "128"]
[EventDate "2019.12.16"]
[EventType "tourn"]
[EventCountry "FRA"]
[SourceTitle "playchess.com"]
[Source "ChessBase"]
[SourceQuality "1"]

{[%evp 9,128,0,7,0,0,0,0,0,0,-9,0,0,16,-7,9,22,16,0,0,-50,0,0,0,-96,-102,-99,44,39,36,34,78,80,60,25,25,26,19,25,34,-18,-20,-22,-8,-17,-18,-17,-27,-18,-18,-18,-18,-34,-20,-30,-24,-24,-19,-19,-19,-22,-21,-21,-21,-19,-18,-20,-18,-16,-20,-35,-14,-48,-50,-50,-50,-50,-44,-52,-50,-67,-18,-18,-18,-18,-18,-18,-8,-39,-8,-8,0,0,0,-35,0,-67,-67,-43,-43,-71,-71,-76,-76,-76,-76,-76,-76,-29984,-29985,-29985,-29986,-29986,-29987,-29987,-29988,-29988,-29989,-29989,-29990,-29997,-29998]} 1. e4 c5 2. Nc3 d6 3. d4 cxd4 4. Qxd4 Nc6 5. Qd2 g6 6. b3 {B23: Closed Sicilian: Lines without g3} Bh6 7. f4 Nf6 (7... f5 8. Bb2 Nf6 9. O-O-O O-O 10. Kb1 Bg7 11. exf5 Bxf5 {1-0 (37) Caruana,F (2819)-Vachier Lagrave,M (2779) Stavanger 2019}) 8. Bb2 {The position is equal.} e5 9. g3 O-O 10. O-O-O Re8 11. Kb1 $146 ({Predecessor:} 11. Bg2 Bg4 12. Rf1 Rc8 13. Kb1 Qa5 14. h3 Be6 15. Nge2 {½-½ (15) Sindarov,J (2488)-Andersen,M (2601) Abu Dhabi 2018}) 11... Nd4 12. Bg2 Bg4 13. Rf1 {[#]} d5 $1 {[%mdl 512]} 14. exd5 (14. h3 $5 {[%cal Rh3g4]} Be6 15. exd5 Nxd5 16. Nxd5 Bxd5 17. Rd1 $11) (14. Nxd5 Nxd5) 14... Bf5 (14... b5 $5 {[%cal Ra8c8]}) 15. Rc1 b5 {[%cal Bb7b5,Bb5b4][%mdl 32] Hoping for ...Rc8.} 16. Nge2 (16. Nf3 $11 {was the only way to keep the balance.} b4 17. Nd1 Nxf3 18. Bxf3) 16... b4 $17 17. Na4 Nxd5 (17... Nxe2 $17 18. Qxe2 exf4) 18. Nxd4 $14 exd4 19. Bxd4 {aiming for Rhe1.} Qa5 20. Rhe1 Red8 21. Qe2 {Strongly threatening Qe5!} Rac8 $1 {...Nxf4 is the strong threat.} 22. Qe5 {[%csl Gd4][%cal Re5h8]} f6 23. Bxd5+ $1 Qxd5 24. Qxf6 (24. Qxd5+ $14 Rxd5 25. Be3 (25. Bxf6 Rd2 $15)) 24... Qxd4 $11 {[#]} 25. Re8+ $1 {[%mdl 512]} Rxe8 26. Qxd4 {And now Nb2 would win.} Rxc2 $1 27. Rxc2 Re1+ 28. Kb2 Bg7 29. Qxg7+ $1 Kxg7 {[%mdl 4096] Endgame KRB-KRN} 30. Rc7+ Kh6 {[%csl Gf5][%cal Re1b1]} 31. a3 Re2+ 32. Ka1 bxa3 33. Rxa7 Rxh2 34. Nc3 Rg2 35. Nd5 Rxg3 36. Nf6 {[%csl Gf6][%cal Ra7h7]} g5 37. fxg5+ Rxg5 38. Ka2 Rg1 39. Rc7 Rh1 (39... Rd1 {is more complex.} 40. Rc5 Be6 41. Rc6 Bf7 42. Rc7 Kg7) 40. Kxa3 Kg5 41. Nxh7+ Bxh7 $15 {KRB-KR} 42. b4 Kf6 43. b5 Bd3 44. b6 Rb1 45. Rc3 Be4 46. Rb3 $1 {[%cal Rb3b1] Threatens to win with Rxb1.} Ra1+ 47. Kb4 Bd5 48. Ra3 Rb1+ 49. Kc5 Ke5 50. Re3+ Be4 51. Rc3 Rd1 52. Rb3 ({Better is} 52. Re3 $11) 52... Rc1+ $1 53. Kb5 Kd6 54. Rb2 Bc6+ 55. Ka5 Kc5 56. Ra2 Bd5 57. Ra3 Rb1 {( -> ...Bc4)} 58. Ka6 $2 {[%mdl 8192]} (58. Rc3+ $17 Bc4 59. Ka4) 58... Rxb6+ {Black mates.} 59. Ka7 Rb7+ $1 60. Ka6 {[#]} Rh7 $1 61. Ra5+ Kc6 62. Ra4 Rh8 {[%cal Rh8a8]} 63. Ka7 Kc7 {[%csl Gd5][%cal Rh8a8]} 64. Rc4+ {[#]} Bc6 $1 {Accuracy: White = 54%, Black = 72%.} 0-1

[Event "1st Barreau de Paris 2019"]
[Site "Paris"]
[Date "2019.12.18"]
[Round "4.5"]
[White "Guliyev, Namig"]
[Black "Loiseau, Quentin"]
[Result "1/2-1/2"]
[WhiteElo "2548"]
[BlackElo "2470"]
[Annotator "TA"]
[PlyCount "33"]
[EventDate "2019.12.16"]
[EventType "tourn"]
[EventCountry "FRA"]
[SourceTitle "playchess.com"]
[Source "ChessBase"]
[SourceQuality "1"]

{[%evp 21,33,27,34,0,0,0,0,0,0,-13,-8,-13,0,-14]} 1. e4 e5 2. Nf3 Nc6 3. Bb5 a6 4. Ba4 Nf6 5. O-O Be7 6. d3 b5 7. Bb3 d6 8. a4 Bd7 9. c3 O-O 10. Nbd2 {[%cal Bb1d2,Bd2f1,Bf1e3][%mdl 32]} Na5 11. Bc2 c5 12. axb5 {C55: Two Knights: 4 d3, 4 d4 exd4 5 e5 and Max Lange Attack} (12. Re1 Nc6 13. h3 h6 14. Nf1 Be6 15. Ne3 Re8 16. Bb3 Bf8 17. Bxe6 fxe6 18. Ng4 b4 19. Nxf6+ Qxf6 {½-½ (29) Le,Q (2715)-Inarkiev,E (2692) Sharjah 2019}) 12... axb5 {The position is equal.} 13. Re1 Qc7 14. Nf1 Nc6 $146 ({Predecessor:} 14... h6 15. h3 Nc6 16. Rxa8 Rxa8 17. Be3 d5 18. exd5 Nxd5 {0-1 (72) Stone,J-Haslinger,S (2410) Dos Hermanas 2004}) 15. Rxa8 Rxa8 16. Ne3 Bd8 17. h3 1/2-1/2

[Event "1st Barreau de Paris 2019"]
[Site "Paris"]
[Date "2019.12.18"]
[Round "5.3"]
[White "Loiseau, Quentin"]
[Black "Fedorchuk, Sergey A."]
[Result "0-1"]
[WhiteElo "2470"]
[BlackElo "2636"]
[Annotator "TA"]
[PlyCount "90"]
[EventDate "2019.12.16"]
[EventType "tourn"]
[EventCountry "FRA"]
[SourceTitle "playchess.com"]
[Source "ChessBase"]
[SourceQuality "1"]

{[%evp 13,90,20,72,71,73,75,91,67,73,72,95,34,66,25,49,33,88,46,28,-22,0,0,8,0,57,-135,-135,-133,-133,-128,-125,-133,-125,-134,-127,-129,-133,-142,-130,-125,-123,-136,-122,-116,-105,-159,-160,-170,-170,-152,-95,-127,-126,-108,-72,-76,-75,-130,-114,-129,-103,-105,-46,-56,-47,-57,-62,-72,-47,-177,-165,-186,-183,-174,-170,-313,-316,-985,-979]} 1. e4 c5 2. Nf3 Nc6 3. d4 cxd4 4. Nxd4 Qb6 5. Nb3 Nf6 6. Nc3 e6 7. Qe2 d6 (7... Bb4 $11 {keeps the balance.}) 8. g4 $16 {B33: Sicilian: Pelikan and Sveshnikov Variations} a6 9. Be3 Qc7 10. g5 {White is better.} Nd7 11. f4 b5 12. Bg2 (12. O-O-O $16) 12... Be7 13. O-O Rb8 14. Rae1 {[#]} Nb6 $146 (14... O-O $14) ({Predecessor:} 14... b4 15. Nd5 exd5 16. exd5 {½-½ (47) Guseinov,G (2625)-Grigoriants,S (2573) Plovdiv 2008}) 15. Kh1 Nc4 16. Bg1 O-O 17. Qh5 g6 18. Qh6 {Black must now prevent e5!} Re8 (18... Rd8 $11) 19. Nd5 $2 (19. e5 $1 $14 d5 20. Rb1) 19... exd5 $17 20. exd5 Bb7 {...Bf8 is the strong threat.} 21. dxc6 Qxc6 {[%csl Gb7][%cal Rc6g2]} 22. Qh3 Qxg2+ 23. Qxg2 Bxg2+ 24. Kxg2 Nxb2 25. Bd4 Nc4 26. Rf2 Bf8 27. Rfe2 Rxe2+ 28. Rxe2 h6 29. Bf6 (29. Nd2 $142) 29... Rc8 30. h4 Nb6 31. Rd2 Re8 (31... h5 $142 32. Kf3 d5) 32. Na5 Nd7 33. Bd4 Nc5 34. Bxc5 dxc5 {[%mdl 4096] Endgame KRB-KRN} 35. Nc6 ({White should play} 35. Kf3) 35... Re6 36. Ne5 hxg5 37. hxg5 Bd6 (37... Be7 $17 {Hoping for ...Bxg5!} 38. Nd7 c4) 38. Rd5 $1 $15 c4 39. Kf3 Kf8 40. Ng4 Ke7 41. Ne3 (41. Ne5 $1 $15) 41... Ba3 42. f5 Rd6 43. Re5+ Kd7 44. Nd5 {[#]} (44. Re4 {was called for.}) 44... Bb2 $1 $19 {[%cal Rb2e5]} 45. Nf6+ $2 {[#]} (45. c3 b4 46. fxg6 fxg6 47. Re7+ Kd8 48. Re2 bxc3 49. Ne3) 45... Rxf6 $1 {[%mdl 512] Accuracy: White = 35%, Black = 56%.} 0-1